Statistics for Countries Closest to Uzbekistan - 15 Second Sprint

Click here to take the quiz!

General Stats

  • This quiz has been taken 55 times
  • The average score is 6 of 20

Answer Stats

kmcountry% Correct
0Kazakhstan
83%
0Turkmenistan
70%
0Tajikistan
60%
0Kyrgyzstan
50%
524Russia
50%
108China
43%
617India
38%
0Afghanistan
35%
330Pakistan
33%
329Iran
30%
1039Iraq
20%
484Azerbaijan
18%
1466Nepal
15%
964Turkey
15%
821Armenia
13%
774Georgia
13%
1517Mongolia
10%
1260Syria
10%
1543Oman
3%
1442Kuwait
0%

Score Distribution

Percentile by Number Answered

Percent of People with Each Score

Your Score History

You have not taken this quiz